الألم على نار هادئة : (رقم التسجيلة. 78760)

تفاصيل مارك
000 -الفاتح
عناصر البيانات ثابتة الطول 00634cam a2200181 i 4500
005 - تاريخ ووقت آخر معاملة
حقل ضبط 20260208103338.0
008 - عناصر البيانات ثابتة الطول
عناصر البيانات ثابتة الطول 250721s2002 sy gr 000 j ara d
082 14 - رقم تصنيف ديوي العشري
رقم التصنيف ق
رقم المادة س ب ا
100 1# - مدخل رئيسي – اسم شخصي
الاسم الشخصي السباعي، فاضل
علاقة الشخص بالعمل/ دوره مؤلف.
245 12 - بيان العنوان
العنوان الألم على نار هادئة :
بقية العنوان قصص /
بيان المسؤولية فاضل السباعي.
250 ## - بيان الطبعة
بيان الطبعة الطبعة الثالثة.
264 31 - بيانات النشر، التوزيع…إلخ
مكان النشر، التوزيع...إلخ دمشق :
اسم الناشر، الموزع...إلخ إشبيلية للدراسات والنشر والتوزيع،
تاريخ النشر، التوزيع...إلخ 2002.
300 ## - الوصف المادي
عدد الوحدات المكونة للوعاء 152 صفحة.
650 17 - مدخل إضافي بالموضوع - مصطلح موضوعي
مصطلح موضوعي أو اسم جغرافي كعنصر مدخل الأدب العربي.
650 17 - مدخل إضافي بالموضوع - مصطلح موضوعي
مصطلح موضوعي أو اسم جغرافي كعنصر مدخل القصص العربية.
942 ## - بيانات إضافية (كوها)
نوع التنصيف Dewey Decimal Classification
نوع المادة (كوها) كتب
المقتنيات
حالة السحب حالة الفقدان مصدر التصنيف حالة التلف غير قابل للإعارة المكتبة الرئيسية المكتبة الحالية موقع الرف تاريخ التزويد الرقم المتسلسل Total Checkouts رقم الإستدعاء الباركود تاريخ آخر ظهور تاريخ الفاتورة نوع المادة (كوها) العملة
    Dewey Decimal Classification     المكتبة المركزية المكتبة المركزية الإعارة 08/02/2026 666945   ق / س ب ا 666945 08/02/2026 08/02/2026 كتب JOD
    Dewey Decimal Classification     مكتبة الأميرة ايمان العامة مكتبة الأميرة ايمان العامة الإعارة 06/07/2004 666949   ق/سبا 666949 28/07/2025 06/07/2004 كتب  
    Dewey Decimal Classification Unchecked   مكتبة الاميرة بديعة مكتبة الاميرة بديعة الإعارة 06/07/2004 666952   ق/سبا   28/07/2025 06/07/2004 كتب  
    Dewey Decimal Classification Unchecked   مكتبة الجويدة مكتبة الجويدة الإعارة 06/07/2004 666953   ق/سبا   28/07/2025 06/07/2004 كتب  
    Dewey Decimal Classification     مكتبة صويلح العامة مكتبة صويلح العامة الإعارة 06/07/2004 666950   ق/سبا 666950 28/07/2025 06/07/2004 كتب  
Implemented & Customized by: BBB with SCIT (Smart Chains for Information Technology)

Powered by Koha